| 000 | 00381nam a2200157Ia 4500 | ||
|---|---|---|---|
| 008 | 210210b1915 xxu||||| |||| 00| 0 eng d | ||
| 041 | _aeng | ||
| 082 | _a954/418 | ||
| 100 | _aSHAMASASTRI (R) | ||
| 245 | _aKautilyas arthasastra | ||
| 260 |
_aBangalore _bGovernment Press _c1915 |
||
| 650 | _aKautilyas | ||
| 650 | _aarthasastra | ||
| 690 | _aIndian History | ||
| 906 | _a026176 | ||
| 999 |
_c152133 _d152133 |
||